00310nam a2200109Ia 4500008004100000082001500041100002100056245002400077260003800101630002800139650003300167211118s9999||||xx |||||||||||||| ||und|| a050bVAR-S aVarghese, George 0aS b Academic Review bS.B CollegeaChanganacherryc2000 xPost Graduate Reference aGeneral KnowledgevGeneralia